000 00838nam a2200193 a 4500
008 071025s2000 ||||||||||||||||| || u
020 _a082134711X
050 _aIBRD(06)DD/2000/2
100 _aDumol, Mark
245 1 4 _aThe Manila water concession: a key government official's diary of the world's largest water privatization
_cMark Dumol
260 _aWashington, D. C.
_bWorld Bank
_c2000
300 _axii, 137p.: ill.
350 _a0.00
490 _aDirections in development
650 _aMUNICIPAL WATER SUPPLY--ECONOMIC ASPECTS--PHILIPPINES--MANILA
650 _aWATER UTILITIES--PHILIPPINES--MANILA--FINANCE
650 _aPRIVATIZATION--PHILIPPINES--MANILA
995 _D0.00
_FCBU-MAIN LIBRARY (Kitwe)
_H1
_I0.00
_M1
_UAVAILABLE
_WOct 25, 2007
_ZInternational Publications
999 _c50259
_d50259